Statistics for harry potter sorcerer's stone true fan's quiz

Click here to take the quiz!

General Stats

  • This quiz has been taken 54 times
    (36 since last reset)
  • The average score is 5 of 13

Answer Stats

i hope you know your harry pottertake the quiz, leave a comment% Correct
did harry like ollivanderno
91%
why did the dursley's move?to get away said "cupboard under the stairs"from the letters
76%
who helped win the house cup for gryffindorneville
55%
why does uncle vernon give harry potter dudley's second bedroom?because of the the letters
48%
where did harry and draco first meetin diagon alley.
45%
why did hermione and ron become friendsthey fought a ten foot mountain troll
42%
how long had it been since slytherin lost the house cup?7 years
39%
at what pub did hagrid get norberthog's head
36%
what kind of dragon was itnorwegian ridgeback
36%
who is the first character that appears in the second chaptervernon
30%
how did harry remember who nicholas flamel waschocolate frog card
18%
why did hagrid go to get a pick me upthe cart in gringotts got to him
12%
what did harry do every time he saw quirellhe tried to encourage him
0%

Score Distribution

Percentile by Number Answered

Percent of People with Each Score

Your Score History

You have not taken this quiz since the last reset